1 PM, One Parallel Movie /

El presente paquete de 5 DVD reúne la filmografía diez películas realizadas por Godard durante los años 1968-1974, cuando formó el Grupo Dziga Vertov –colectivo cuyo nombre rendía homenaje al vanguardista cineasta ruso- y desarrolló una serie de trabajos caracterizados por proyectar la ideología mao...

ver descrição completa

Na minha lista:
Detalhes bibliográficos
Autor principal: Godard, Jean-Luc (realización)
Outros Autores: Pennebaker, D.A. (realización) (realización), Gorin, Jean-Pierre (realización) (realización), Balin, Marty (actuación) (actuación), Baraka, Amiri (actuación) (actuación), Bellamy, Carol (actuación) (actuación), Faroult, David (presentación) (presentación)
Formato: Slides
Idioma:francês
Colecção:(Intermedio. Jean-Luc Godard)
Assuntos:
Tags: Adicionar Tag
Sem tags, seja o primeiro a adicionar uma tag!

MARC

LEADER 00000ngm^a2200000^a^4500
001 000300590
005 20250521000000.0
009 20260310112518.336
037 |a Acervo ITESO - Biblioteca 
041 |a FRA 
082 |a 840.  |b GOD V. 4 
100 |a Godard, Jean-Luc  |e (realización) 
240 1 1 |a [Jean-Luc Godard y el Grupo Dziga Vertov: 1968-1974] 
245 1 0 |a 1 PM, One Parallel Movie /  |c Realización de J.L. Godard, D.A. Pennebaker ; presen. de D. Faroult. 
264 2 |a Barcelona, España :  |b Prodimag [distribución],  |c 2008, c2008 
300 |a 1 DVD región 2 PAL  |c (78, 1 min.) 
336 |a imagen móvil bidimensional  |b tdi  |2 rdacontenido 
337 |a video  |b v  |2 rdamedio 
338 |a videodisco  |b vd  |2 rdasoporte 
440 1 |a (Intermedio.  |p Jean-Luc Godard) 
520 |a El presente paquete de 5 DVD reúne la filmografía diez películas realizadas por Godard durante los años 1968-1974, cuando formó el Grupo Dziga Vertov –colectivo cuyo nombre rendía homenaje al vanguardista cineasta ruso- y desarrolló una serie de trabajos caracterizados por proyectar la ideología maoísta revolucionaria y del Movimiento Estudiantil de mayo de 1968: 1) Una película como cualquier otra (Francia, 1968) y British Sounds/Primeros sonidos ingleses (Gran Bretaña, 1969); 2) Pravda (Francia, 1969) y Viento del Este (Italia-Francia-Alemania Federal, 1969); 3) Luchas en Italia (Francia-Italia, 1970) y Vladimir y Rosa (Francia-Alemania Federal-Estados Unidos, 1970); 4) 1 PM (One Parallel Movie)/One American Movie (Estados Unidos, 1968) y Schick (Francia, 1971) y 5) Letter to Jane: An Investigation about an Still/Carta a Jane Fonda: investigación sobre una imagen (Francia, 1972) y Aquí en otro lugar (Francia, 1974). 
545 0 |a Jean-Luc Godard (París, 1930), uno de los integrantes centrales de la Nueva Ola Francesa, es muy probablemente el autor más influyente del cine mundial posterior a 1945 y al que con mayor facilidad se le identifica con el arte contemporáneo. Después de colaborar en publicaciones especializadas (entre ellas, por supuesto, la prestigiosa Cahiers du cinéma) y de filmar un quinteto de cortometrajes, Godard se revela en el panorama mundial con Sin aliento (1959), su opera prima, por la que recibe el Oso de Plata a la mejor dirección en el Festival de Berlín de 1960. Una mujer es una mujer (1961, Oso de Plata en Berlín), Vivir su vida (1962, Premio Especial del Jurado y Premio Pasinetti en el Festival de Venecia), Alphaville (1965, Oso de Oro a la mejor película en Berlín), Pierrot el loco (1965), Masculino femenino (1966), La china (1967), Tout va bien (1972), Prénom Carmen (1982, León de Oro a la mejor película en Venecia 1983), Yo te saludo María (1985) o Elogio del amor (2001) son representativas de las distintas fases de una filmografía caracterizada por la ruptura con las narrativas tradicionales y la innovación permanente y estimulante, que ha recibido el reconocimiento de festivales y de espectadores de todo el mundo. 
546 |a En francés e inglés, con subtítulos opcionales: español 
649 |a XX 
650 |a Cineastas Franceses 
650 |a Documentales 
650 |a Cine Norteamericano -  |y 1960-1969 
650 |a Cine Norteamericano -  |y Siglo XX 
650 |a Maoísmo 
650 |a Racismo 
650 |a Ideología 
650 |a Spots Publicitarios 
650 |a Publicidad en Cine 
650 |a Política -  |x Historia -  |y Siglo XX 
740 0 |a Anuncio de una loción para después del afeitado =  |b Schick /  |c Realización de J.L. Godard, J.P. Gorin ; presen. de D. Faroult. 
700 |a Pennebaker, D.A.  |e (realización) 
700 |a Gorin, Jean-Pierre  |e (realización) 
700 |a Balin, Marty  |e (actuación) 
700 |a Baraka, Amiri  |e (actuación) 
700 |a Bellamy, Carol  |e (actuación) 
700 |a Faroult, David  |e (presentación) 
910 |a Fondo General 
920 |a Audiovisuales - DVDs 
940 |a Películas 
905 |a 308 
901 |a 0500093782  |b IT2  |c DVR  |i C115961  |u 20250521 
902 |a https://opac.biblio.iteso.mx/vufind/Record/000300590